000 00665 a2200229 4500
005 20260420170723.0
008 260420b |||||||| |||| 00| 0 eng d
020 _a9780253073877 (pbk)
037 _cTB
040 _aCRL
_cCRL
041 _2eng
_aeng
084 _aV654.N7 R5
_qCRL
100 _aDoron, Roy
_91116049
245 _aBiafra: Military history
260 _aUSA:
_bIndian University Press,
_c2025.
300 _a283p.
365 _b38.00
_cGBP
650 _aHistory
650 _aMilitary History
_91235228
942 _cTB
_2CC
_hV654.N7 R5
999 _c1679798
_d1679798